[Event "Hradec Kralove op 8th"]
[Site "Hradec Kralove"]
[Date "2017.10.04"]
[Round "4"]
[White "Krueger, Thomas"]
[Black "Macha, Martin"]
[Result "1-0"]
[WhiteElo "1582"]
[BlackElo "1444"]
[PlyCount "41"]
[EventDate "2017.10.01"]
[EventType "swiss"]
[EventRounds "9"]
[EventCountry "CZE"]
[SourceTitle "CBM 181 Extra"]
[Source "ChessBase"]
[SourceDate "2017.12.12"]
[SourceVersion "1"]
[SourceVersionDate "2017.12.12"]
[SourceQuality "1"]

1. d4 d5 2. Nf3 e6 3. e3 c5 4. c3 Nc6 5. Bd3 Nf6 6. Nbd2 c4 7. Bc2 Bd6 8. 0-0 0-0 9. Re1 b5 10. e4 dxe4 11. Nxe4 Nxe4 12. Rxe4 h6 13. Qe2 a6 14. Rh4 Qf6 15. Qe4 Qf5 16. Qxc6 Qxc2 17. Bxh6 Qxb2 18. Re1 Ra7 19. Qxd6 gxh6 20. Qg3+ Kh7 21. Qg5 1-0

[Event "Hradec Kralove op 8th"]
[Site "Hradec Kralove"]
[Date "2017.10.04"]
[Round "5"]
[White "Macha, Martin"]
[Black "Sulot, Zdzislaw"]
[Result "1-0"]
[WhiteElo "1444"]
[BlackElo "1424"]
[PlyCount "31"]
[EventDate "2017.10.01"]
[EventType "swiss"]
[EventRounds "9"]
[EventCountry "CZE"]
[SourceTitle "CBM 181 Extra"]
[Source "ChessBase"]
[SourceDate "2017.12.12"]
[SourceVersion "1"]
[SourceVersionDate "2017.12.12"]
[SourceQuality "1"]

1. d4 d5 2. e3 a6 3. c4 Bf5 4. Nf3 e6 5. Bd3 Bg4 6. 0-0 Qf6 7. Nbd2 Bxf3 8. Nxf3 Ne7 9. e4 dxc4 10. e5 Qxf3 11. Qxf3 Nbc6 12. Bxc4 Nxd4 13. Qxb7 Rc8 14. Bg5 Ndc6 15. Bxa6 h6 16. Bxe7 1-0

[Event "Hradec Kralove op 8th"]
[Site "Hradec Kralove"]
[Date "2017.10.02"]
[Round "2"]
[White "Berger, Volkmar"]
[Black "Macha, Martin"]
[Result "1/2-1/2"]
[WhiteElo "1669"]
[BlackElo "1444"]
[PlyCount "53"]
[EventDate "2017.10.01"]
[EventType "swiss"]
[EventRounds "9"]
[EventCountry "CZE"]
[SourceTitle "CBM 181 Extra"]
[Source "ChessBase"]
[SourceDate "2017.12.12"]
[SourceVersion "1"]
[SourceVersionDate "2017.12.12"]
[SourceQuality "1"]

1. d4 d5 2. c4 e6 3. Nf3 Nf6 4. Bf4 c5 5. e3 Bd6 6. Bg3 0-0 7. Nc3 a6 8. Qc2 Nc6 9. a3 cxd4 10. exd4 Bxg3 11. hxg3 dxc4 12. 0-0-0 b5 13. d5 exd5 14. Nxd5 h6 15. Ne3 Qe7 16. Be2 Be6 17. Nh4 Rfd8 18. Bf3 Rxd1+ 19. Rxd1 Rd8 20. Nhf5 Rxd1+ 21. Qxd1 Ne5 22. Qd6 Qxd6 23. Nxd6 Nxf3 24. gxf3 Nd7 25. Ne4 Ne5 26. Nc5 Bc8 27. Nd5 1/2-1/2